TRANSCOM 2007 : Section 4. Electric Power Systems., Section 5. Electrical and Electronic engineering. 7-th European Conference of Young Resaerch and Scientific Workers. Žilina, June 25-27, 2007

Salvato in:
Dettagli Bibliografici
Natura: Libro
Lingua:inglese
Pubblicazione: Žilina : University of Žilina, 2007
Soggetti:
Tags: Aggiungi Tag
Nessun Tag, puoi essere il primo ad aggiungerne!!

MARC

LEADER 00000nam a22000003a 4500
001 stu156695
005 20150408163618.9
008 080131s2007----xo------------------eng-d
020 |a 978-80-8070-694-4 
040 |a STU  |b slo 
041 0 |a eng 
044 |a xo 
080 |a 621 
080 |a (063) 
245 |a TRANSCOM 2007 :  |b Section 4. Electric Power Systems., Section 5. Electrical and Electronic engineering. 7-th European Conference of Young Resaerch and Scientific Workers. Žilina, June 25-27, 2007 
260 |a Žilina :  |b University of Žilina,  |c 2007 
300 |a 214 s 
650 7 |a strojárstvo  |2 stusub 
650 7 |a materiály  |2 stusub 
650 7 |a technológie  |2 stusub 
996 |b 284EO00082  |c E*O-82  |l EE0102  |s P  |a 0  |w stu156695_0001